000 00313nam a22001097a 4500
082 _a370
100 _aSahani, Janmenjay
_981954
245 _aNTA UGC NET/JRF/SET Teaching and Research Aptitude Paper 1 Solved Papers 2022-2023
260 _aMeerut UP
_bArihant Publication
_c2023
650 _aEducation
942 _cBK
999 _c66189
_d66189